000 00622nam a2200205 i 4500
001 bg
100 1 _aKUROPATNICKI, Andrzej
245 1 0 _aMały słownik tematyczny polsko-angielski /
_cAndrzej Kuropatnicki.
260 _aWarszawa :
_b"Wiedza Powszechna",
_c1998.
300 _a292 s. ;
_c20 cm.
650 9 _aSłownik polsko-angielski
020 _a8321411452
040 _cBPK
041 0 _aenpl
080 _a811.162.1::811.111]'374
920 _a83-214-1145-2
942 _cKS
008 s pl f |000 0 pol
999 _c40350
_d40350